[Event "Czech Open GM 2019"]
[Site "Pardubice"]
[Date "2019.07.27"]
[Round "9.17"]
[White "Saduakassova, Dinara"]
[Black "Iliaguev, Nisim"]
[Result "1-0"]
[WhiteElo "2474"]
[BlackElo "2357"]
[Annotator "ChessBase"]
[PlyCount "115"]
[EventDate "2019.07.19"]
[EventType "swiss"]
[EventCountry "CZE"]
[SourceTitle "playchess.com"]
[Source "ChessBase"]
[SourceQuality "1"]

1. Nf3 c5 2. c4 g6 3. e4 Bg7 4. d4 cxd4 5. Nxd4 Nc6 6. Be3 Nf6 7. Nc3 Qa5 8. Nb3 Qd8 9. Be2 O-O 10. O-O d6 11. f3 Be6 12. Rc1 Nd7 13. Qd2 Nc5 14. Nd5 Nxb3 15. axb3 a5 16. Bb6 Qd7 17. Rfd1 Rfc8 18. Bf1 Bxd5 19. exd5 Nb4 20. Ra1 Ra6 21. Bf2 Raa8 22. Re1 Bf6 23. g4 b5 24. Re4 bxc4 25. Bxc4 Na6 26. g5 Be5 27. Rxa5 Nc7 28. Ra3 Qf5 29. Kg2 Ne8 30. Bd3 Qd7 31. Qe2 f5 32. Rea4 Rxa4 33. Rxa4 Qb7 34. Bc4 Ng7 35. Ra7 Qb8 36. Rxe7 Nh5 37. Bg3 f4 38. Bf2 Re8 39. Rxe8+ Qxe8 40. Bd4 Qd8 41. Bxe5 Qxg5+ 42. Kf1 Qxe5 43. Qxe5 dxe5 44. b4 Kf8 45. b5 Ke7 46. b6 Kd6 47. Bb5 Ng7 48. Bc6 Nf5 49. Ke2 Nd4+ 50. Kd3 Nxc6 51. dxc6 Kxc6 52. Ke4 Kxb6 53. Kxe5 g5 54. Kf5 h6 55. h3 Kc5 56. b4+ Kxb4 57. Kg6 Kc4 58. Kxh6 1-0

[Event "Czech Open GM 2019"]
[Site "Pardubice"]
[Date "2019.07.27"]
[Round "9.17"]
[White "Pacan-Milej, Kosma"]
[Black "Piesik, Piotr"]
[Result "0-1"]
[WhiteElo "2272"]
[BlackElo "2421"]
[Annotator "TA"]
[PlyCount "94"]
[EventDate "2019.07.19"]
[EventType "swiss"]
[EventCountry "CZE"]
[SourceTitle "playchess.com"]
[Source "ChessBase"]
[SourceQuality "1"]

1. d4 Nf6 2. c4 g6 3. Nc3 Bg7 4. e4 d6 5. Bd3 O-O 6. Nge2 e5 7. d5 Nbd7 8. O-O Nc5 9. Bc2 a5 10. f3 Ne8 11. Be3 f5 12. exf5 gxf5 13. a3 Qh4 14. b3 Bd7 15. Rb1 b6 16. b4 Nb7 17. Bd3 Nf6 18. Qe1 Qh5 19. Ng3 Qg6 20. Nb5 Ne8 21. f4 exf4 22. Bxf4 axb4 23. axb4 Nd8 24. Qe7 Rf7 25. Qe2 c6 26. dxc6 Nxc6 27. Be3 Ne5 28. Bc2 Be6 29. Bd3 Qg4 30. Qxg4 fxg4 31. Rxf7 Bxf7 32. Be4 Ra2 33. Bxb6 Nxc4 34. Bd4 Na3 35. Bxg7 Nxb1 36. Bxb1 Rd2 37. Nf1 Rd1 38. Nc3 Rc1 39. Bd4 Bc4 40. Kf2 Rxf1+ 41. Kg3 Nc7 42. Bb6 Nd5 43. Bd3 Bxd3 44. Nxd5 Be4 45. Nc3 Bc6 46. Kxg4 Bxg2 47. Nb5 Rd1 0-1

[Event "Czech Open GM 2019"]
[Site "Pardubice"]
[Date "2019.07.27"]
[Round "9.18"]
[White "Gavrilescu, David"]
[Black "Menezes, Christoph"]
[Result "1-0"]
[WhiteElo "2473"]
[BlackElo "2413"]
[Annotator "ChessBase"]
[PlyCount "65"]
[EventDate "2019.07.19"]
[EventType "swiss"]
[EventCountry "CZE"]
[SourceTitle "playchess.com"]
[Source "ChessBase"]
[SourceQuality "1"]

1. e4 c5 2. Nf3 e6 3. d4 cxd4 4. Nxd4 Nc6 5. Nc3 Qc7 6. Be3 a6 7. a3 b5 8. Nxc6 Qxc6 9. Be2 Bb7 10. O-O Bc5 11. Bd4 f6 12. Bxb5 axb5 13. Qh5+ g6 14. Qxc5 Qxc5 15. Bxc5 Bc6 16. Rfd1 Ne7 17. Rd4 Kf7 18. Rad1 Rhd8 19. f3 g5 20. Na2 d5 21. Nb4 Bb7 22. Bxe7 Kxe7 23. exd5 e5 24. R4d3 Kd6 25. g4 Rac8 26. Nc6 Rh8 27. Rc3 h5 28. Na7 Rxc3 29. Nxb5+ Kd7 30. Nxc3 hxg4 31. fxg4 Rh4 32. h3 Rxh3 33. Ne4 1-0

[Event "Czech Open GM 2019"]
[Site "Pardubice"]
[Date "2019.07.27"]
[Round "9.18"]
[White "Pulpan, Jakub"]
[Black "Gibicar, Danijel"]
[Result "1-0"]
[WhiteElo "2414"]
[BlackElo "2273"]
[Annotator "NA"]
[PlyCount "69"]
[EventDate "2019.07.19"]
[EventType "swiss"]
[EventCountry "CZE"]
[SourceTitle "playchess.com"]
[Source "ChessBase"]
[SourceQuality "1"]

1. c4 c5 2. g3 g6 3. Bg2 Bg7 4. Nc3 Nf6 5. Nf3 O-O 6. O-O Nc6 7. d3 d5 8. cxd5 Nxd5 9. Nxd5 Qxd5 10. Be3 Bd7 11. Nd4 Qd6 12. Nxc6 Bxc6 13. Bxc6 Qxc6 14. Rc1 Qe6 15. Qa4 Rfc8 16. Rc2 a6 17. b3 b5 18. Qh4 Bf6 19. Qf4 Bd4 20. Rfc1 Rd8 21. Qf3 Qd5 22. Qxd5 Rxd5 23. Bxd4 cxd4 24. Rc7 Kf8 25. Rb7 Rd6 26. f4 Rad8 27. Rcc7 Re6 28. Kf2 Rdd6 29. Rb8+ Kg7 30. Re8 Kf6 31. g4 h5 32. gxh5 gxh5 33. Rh8 Kf5 34. Rc5+ Kf6 35. Rg5 1-0

[Event "Czech Open GM 2019"]
[Site "Pardubice"]
[Date "2019.07.27"]
[Round "9.19"]
[White "Abdumalik, Zhansaya"]
[Black "Dixit, Nikhil"]
[Result "1-0"]
[WhiteElo "2458"]
[BlackElo "2318"]
[Annotator "ChessBase"]
[PlyCount "93"]
[EventDate "2019.07.19"]
[EventType "swiss"]
[EventCountry "CZE"]
[SourceTitle "playchess.com"]
[Source "ChessBase"]
[SourceQuality "1"]

1. e4 e6 2. d4 d5 3. Nc3 Nf6 4. e5 Nfd7 5. f4 c5 6. Nf3 Nc6 7. Be3 a6 8. Qd2 b5 9. Nd1 b4 10. Be2 Qb6 11. O-O cxd4 12. Nxd4 Nxd4 13. Bxd4 Bc5 14. c3 O-O 15. Nf2 f6 16. exf6 Bxd4 17. cxd4 Nxf6 18. Qe3 Bd7 19. Rfe1 Rac8 20. Nd3 Ne4 21. Bf3 Bb5 22. Bxe4 dxe4 23. Nc5 Bc6 24. Nxe6 Rf6 25. Nc5 Rd6 26. Rad1 Rcd8 27. f5 Bd5 28. b3 Rf6 29. Rf1 Kh8 30. Rf4 Qc7 31. Rdf1 Re8 32. Rh4 Qf7 33. Rhf4 Rc6 34. h3 Qf6 35. Kh2 Rd6 36. Nxe4 Bxe4 37. Rxe4 Rxe4 38. Qxe4 h6 39. Rf4 Rc6 40. Rg4 Rc1 41. Rg6 Qf7 42. Rxa6 Rf1 43. Ra8+ Kh7 44. f6+ g6 45. Re8 Qxf6 46. Qb7+ Qg7 47. Re7 1-0

[Event "Czech Open GM 2019"]
[Site "Pardubice"]
[Date "2019.07.27"]
[Round "9.19"]
[White "Horak, Martin"]
[Black "Meissner, Felix"]
[Result "1-0"]
[WhiteElo "2254"]
[BlackElo "2407"]
[Annotator "TA"]
[PlyCount "77"]
[EventDate "2019.07.19"]
[EventType "swiss"]
[EventCountry "CZE"]
[SourceTitle "playchess.com"]
[Source "ChessBase"]
[SourceQuality "1"]

1. e4 c5 2. Nf3 d6 3. Bb5+ Bd7 4. Bxd7+ Qxd7 5. c4 Nf6 6. Nc3 g6 7. d4 cxd4 8. Nxd4 Bg7 9. f3 O-O 10. Be3 a6 11. Rc1 Qd8 12. O-O Nbd7 13. b3 Qa5 14. Qd2 Rfc8 15. Rfd1 h5 16. a4 Kh7 17. h3 Qd8 18. Qc2 Qf8 19. f4 Bh6 20. Nf3 Kg8 21. Re1 e5 22. g3 Re8 23. Rcd1 Nc5 24. Bxc5 dxc5 25. fxe5 Nh7 26. Nd5 Rac8 27. Nf6+ Nxf6 28. exf6 Re6 29. e5 Qe8 30. Qe4 Rb6 31. Rd3 Qe6 32. g4 Re8 33. Kg2 Kh8 34. Kh2 Qc6 35. g5 Bf8 36. Qxc6 bxc6 37. e6 Rxe6 38. Rxe6 fxe6 39. Rd8 1-0

[Event "Czech Open GM 2019"]
[Site "Pardubice"]
[Date "2019.07.27"]
[Round "9.20"]
[White "Bruedigam, Martin"]
[Black "Ostrovskiy, Aleksandr"]
[Result "1-0"]
[WhiteElo "2395"]
[BlackElo "2453"]
[Annotator "ChessBase"]
[PlyCount "75"]
[EventDate "2019.07.19"]
[EventType "swiss"]
[EventCountry "CZE"]
[SourceTitle "playchess.com"]
[Source "ChessBase"]
[SourceQuality "1"]

1. e4 c6 2. d4 d5 3. exd5 cxd5 4. Bd3 Nc6 5. c3 Qc7 6. Ne2 Bg4 7. O-O e6 8. Qe1 Be7 9. Bf4 Qb6 10. Nd2 Bh5 11. Rb1 Nf6 12. Nc1 Bg6 13. Qe3 Nh5 14. Bg5 f6 15. Bh4 e5 16. Ncb3 Bxd3 17. Qxd3 e4 18. Nxe4 dxe4 19. Qxe4 g5 20. d5 gxh4 21. dxc6 Qxc6 22. Qg4 Qd5 23. Rbd1 Qg5 24. Qd7+ Kf7 25. Rfe1 Rhe8 26. Qxb7 Nf4 27. g3 hxg3 28. hxg3 Ng6 29. Nd4 Rab8 30. Qc6 Nf8 31. Qc4+ Kg7 32. Qc7 Rxb2 33. Rxe7+ Rxe7 34. Qxe7+ Kg8 35. Qxa7 Qd5 36. a4 Qc4 37. Nf5 Ne6 38. Rd8+ 1-0

[Event "Czech Open GM 2019"]
[Site "Pardubice"]
[Date "2019.07.27"]
[Round "9.20"]
[White "Hrabinska, Myroslava"]
[Black "Martin, Julian"]
[Result "0-1"]
[WhiteElo "2243"]
[BlackElo "2363"]
[Annotator "NA"]
[PlyCount "74"]
[EventDate "2019.07.19"]
[EventType "swiss"]
[EventCountry "CZE"]
[SourceTitle "playchess.com"]
[Source "ChessBase"]
[SourceQuality "1"]

1. e4 c5 2. b4 cxb4 3. a3 d5 4. exd5 Qxd5 5. Nf3 e5 6. Bb2 Nc6 7. c4 Qe6 8. Bd3 Nf6 9. O-O Bd6 10. Re1 O-O 11. axb4 Nxb4 12. Bf1 e4 13. d3 Qd7 14. dxe4 Nxe4 15. Nc3 Nxf2 16. Qd4 Nfd3 17. Bxd3 Nxd3 18. Ne4 Bxh2+ 19. Kxh2 Qxd4 20. Bxd4 Nxe1 21. Nxe1 b6 22. c5 Rd8 23. Nd6 bxc5 24. Bxc5 a5 25. Nf3 a4 26. Ne5 Be6 27. Ba3 Rdb8 28. Nc6 Rb3 29. Ne4 h6 30. Nc5 Re3 31. Nd4 Bd5 32. Kg1 Kh7 33. Kf2 Rc3 34. g3 Ra5 35. Nd7 Rd3 36. Ne2 Bc6 37. Nc5 Rxa3 0-1

[Event "Czech Open GM 2019"]
[Site "Pardubice"]
[Date "2019.07.27"]
[Round "9.21"]
[White "Lederman, Leon"]
[Black "Grela, Kacper"]
[Result "0-1"]
[WhiteElo "2238"]
[BlackElo "2354"]
[Annotator "NA"]
[PlyCount "60"]
[EventDate "2019.07.19"]
[EventType "swiss"]
[EventCountry "CZE"]
[SourceTitle "playchess.com"]
[Source "ChessBase"]
[SourceQuality "1"]

1. e4 c5 2. Nf3 Nc6 3. Nc3 Nf6 4. Bc4 d6 5. d3 g6 6. Ng5 e6 7. f4 Bg7 8. O-O O-O 9. Qe1 Nd4 10. Bb3 d5 11. e5 Ng4 12. h3 Nh6 13. Nd1 c4 14. Qf2 cxb3 15. Qxd4 f6 16. Nf3 Nf5 17. Qc3 fxe5 18. fxe5 Qb6+ 19. Kh2 bxc2 20. Nf2 Bd7 21. Ng4 Rac8 22. Qe1 Bb5 23. Nf6+ Bxf6 24. exf6 Bxd3 25. g4 Qd6+ 26. Ne5 Bxf1 27. gxf5 Rxf6 28. Bf4 Rxf5 29. Bg3 Qa6 30. Ng4 Qe2+ 0-1

[Event "Czech Open GM 2019"]
[Site "Pardubice"]
[Date "2019.07.27"]
[Round "9.21"]
[White "Ahn, Hongjin"]
[Black "Galperin, Platon"]
[Result "0-1"]
[WhiteElo "2177"]
[BlackElo "2445"]
[Annotator "TA"]
[PlyCount "50"]
[EventDate "2019.07.19"]
[EventType "swiss"]
[EventCountry "CZE"]
[SourceTitle "playchess.com"]
[Source "ChessBase"]
[SourceQuality "1"]

1. c4 e5 2. g3 Nf6 3. Nc3 Bb4 4. e4 c6 5. Nge2 d5 6. cxd5 cxd5 7. exd5 Nxd5 8. Bg2 Nxc3 9. bxc3 Bd6 10. O-O Nc6 11. d4 O-O 12. Rb1 Qc7 13. f4 exd4 14. Nxd4 Na5 15. Kh1 Bd7 16. f5 Be5 17. f6 Bxf6 18. Rxf6 gxf6 19. Qf3 Rfe8 20. Bf4 Qc5 21. Rf1 Nc6 22. Bh6 Qe5 23. Bf4 Qe7 24. Qh5 Nxd4 25. cxd4 Rac8 0-1

[Event "Czech Open GM 2019"]
[Site "Pardubice"]
[Date "2019.07.27"]
[Round "9.22"]
[White "Erenberg, Ariel"]
[Black "Van Osch, Mees"]
[Result "1-0"]
[WhiteElo "2442"]
[BlackElo "2316"]
[Annotator "NA"]
[PlyCount "95"]
[EventDate "2019.07.19"]
[EventType "swiss"]
[EventCountry "CZE"]
[SourceTitle "playchess.com"]
[Source "ChessBase"]
[SourceQuality "1"]

1. d4 Nf6 2. c4 g6 3. g3 c6 4. Bg2 d5 5. e3 Bg7 6. Ne2 O-O 7. O-O dxc4 8. Na3 Be6 9. Qc2 Qc8 10. Nf4 Bg4 11. Nxc4 g5 12. Ne2 Bh3 13. e4 h6 14. f4 Bxg2 15. Kxg2 gxf4 16. Bxf4 Qe6 17. Be5 Ng4 18. Bxg7 Kxg7 19. Rf3 b5 20. Nd2 f5 21. Nf4 Qf7 22. exf5 Kg8 23. Re1 Qxf5 24. Qxf5 Rxf5 25. h3 Nf6 26. g4 Rxf4 27. Rxf4 Na6 28. Rf3 Kf7 29. Ne4 Nb4 30. h4 Nc2 31. Rd1 Rg8 32. Kh3 Ke6 33. Nxf6 exf6 34. Rc3 Nb4 35. a3 Nd5 36. Rxc6+ Kd7 37. Ra6 h5 38. gxh5 Nf4+ 39. Kh2 Nxh5 40. d5 Rg4 41. d6 Rxh4+ 42. Kg2 Ra4 43. Rxa4 bxa4 44. Rd4 Ng7 45. Rxa4 Kxd6 46. Rxa7 Ne6 47. Ra6+ Kd5 48. Rxe6 1-0

[Event "Czech Open GM 2019"]
[Site "Pardubice"]
[Date "2019.07.27"]
[Round "9.22"]
[White "Parkhov, Yair"]
[Black "Nguyen, Alex Dac-Vuong"]
[Result "1-0"]
[WhiteElo "2354"]
[BlackElo "2267"]
[Annotator "NA"]
[PlyCount "77"]
[EventDate "2019.07.19"]
[EventType "swiss"]
[EventCountry "CZE"]
[SourceTitle "playchess.com"]
[Source "ChessBase"]
[SourceQuality "1"]

1. d4 Nf6 2. c4 g6 3. Nc3 Bg7 4. e4 d6 5. Be2 O-O 6. Be3 c5 7. d5 b5 8. cxb5 a6 9. a4 Qa5 10. Bd2 axb5 11. Bxb5 Ba6 12. Nge2 Qb6 13. O-O Bxb5 14. axb5 Nbd7 15. Qc2 Rfb8 16. Ra3 Qb7 17. Rfa1 Nb6 18. Qb3 Ne8 19. Rxa8 Rxa8 20. Rxa8 Qxa8 21. Qa3 Qb7 22. Qa6 Qb8 23. b3 Nc7 24. Qa5 Nd7 25. h3 f5 26. exf5 gxf5 27. Ng3 Bxc3 28. Qxc3 Nxb5 29. Qe3 Ne5 30. Qg5+ Ng6 31. h4 f4 32. Nf5 Qa7 33. h5 Qa1+ 34. Kh2 Qf6 35. Qxf6 exf6 36. hxg6 hxg6 37. Ne7+ Kf7 38. Nc6 g5 39. Ba5 1-0

[Event "Czech Open GM 2019"]
[Site "Pardubice"]
[Date "2019.07.27"]
[Round "9.23"]
[White "Mladek, Richard"]
[Black "Salimova, Nurgyul"]
[Result "0-1"]
[WhiteElo "2253"]
[BlackElo "2416"]
[Annotator "NA"]
[PlyCount "48"]
[EventDate "2019.07.19"]
[EventType "swiss"]
[EventCountry "CZE"]
[SourceTitle "playchess.com"]
[Source "ChessBase"]
[SourceQuality "1"]

1. e4 c5 2. Nf3 Nc6 3. d4 cxd4 4. Nxd4 g6 5. Nc3 Bg7 6. Be3 Nf6 7. Bc4 d6 8. f3 O-O 9. Qd2 Bd7 10. O-O-O Rc8 11. Bb3 Ne5 12. h4 h5 13. Bg5 Rc5 14. Kb1 b5 15. g4 Nc4 16. Bxc4 Rxc4 17. Nf5 gxf5 18. Bh6 fxg4 19. Qg5 Ne8 20. Nd5 Kh7 21. Bxg7 Nxg7 22. Ne3 Rc5 23. Rd5 f6 24. Qf4 e5 0-1

[Event "Czech Open GM 2019"]
[Site "Pardubice"]
[Date "2019.07.27"]
[Round "9.23"]
[White "Sikorova, Olga"]
[Black "Mosesov, Danylo"]
[Result "0-1"]
[WhiteElo "2235"]
[BlackElo "2353"]
[Annotator "NA"]
[PlyCount "74"]
[EventDate "2019.07.19"]
[EventType "swiss"]
[EventCountry "CZE"]
[SourceTitle "playchess.com"]
[Source "ChessBase"]
[SourceQuality "1"]

1. c4 Nf6 2. g3 e6 3. Bg2 d5 4. Nf3 dxc4 5. Qa4+ Nbd7 6. Qxc4 a6 7. a4 b5 8. Qc2 Bb7 9. O-O c5 10. d3 Be7 11. Nc3 Qb6 12. b3 O-O 13. Bb2 Rac8 14. Rfb1 Rfd8 15. Ra2 Nb8 16. axb5 axb5 17. Rba1 Nc6 18. Qb1 h6 19. Nd2 Ng4 20. h3 Nxf2 21. Kxf2 c4+ 22. Kf1 cxd3 23. e4 Nb4 24. Ra5 Nc2 25. Rxb5 Qe3 26. Nc4 Qxg3 27. Qd1 Rxc4 28. Qf3 Qxf3+ 29. Bxf3 Rb4 30. Rxb4 Bxb4 31. Ra7 Ba8 32. Nd1 Bc5 33. Ra5 Bd4 34. Bc1 f5 35. Nf2 Bxf2 36. Kxf2 fxe4 37. Bg4 e3+ 0-1

[Event "Czech Open GM 2019"]
[Site "Pardubice"]
[Date "2019.07.27"]
[Round "9.24"]
[White "Lalic, Bogdan"]
[Black "Moksh Amit Doshi"]
[Result "1-0"]
[WhiteElo "2411"]
[BlackElo "2229"]
[Annotator "NA"]
[PlyCount "97"]
[EventDate "2019.07.19"]
[EventType "swiss"]
[EventCountry "CZE"]
[SourceTitle "playchess.com"]
[Source "ChessBase"]
[SourceQuality "1"]

1. d4 Nf6 2. c4 g6 3. Nf3 Bg7 4. g3 d5 5. cxd5 Nxd5 6. Bg2 Nb6 7. Nc3 Nc6 8. e3 O-O 9. O-O Re8 10. h3 e5 11. d5 Na5 12. Qc2 c6 13. b4 Nac4 14. dxc6 bxc6 15. Rd1 Qe7 16. Nd2 Bf5 17. Nce4 Nxd2 18. Bxd2 Rac8 19. Be1 h5 20. Rac1 Nd5 21. Qc5 Qxc5 22. Rxc5 Bf8 23. Rc4 Bxe4 24. Bxe4 f5 25. Bg2 e4 26. Rdc1 Red8 27. Bf1 Ne7 28. Be2 Bg7 29. Rc5 Bb2 30. R1c2 Bf6 31. Ra5 Rc7 32. Ra6 Rb8 33. b5 Rb6 34. Ra3 Rbb7 35. Ba5 Rc8 36. Bc4+ Kg7 37. Be6 Rcb8 38. bxc6 Rb1+ 39. Kg2 R8b5 40. Bd2 R5b2 41. Rac3 Rb6 42. Rc5 Rd1 43. Bd7 Rbb1 44. Rc1 Ra1 45. Rxd1 Rxd1 46. Bb4 g5 47. Bxf5 Nxf5 48. Rxf5 Rc1 49. Rc5 1-0

[Event "Czech Open GM 2019"]
[Site "Pardubice"]
[Date "2019.07.27"]
[Round "9.24"]
[White "Roshka, Yevgeniy"]
[Black "Jurek, Josef"]
[Result "1/2-1/2"]
[WhiteElo "2353"]
[BlackElo "2247"]
[Annotator "TA"]
[PlyCount "179"]
[EventDate "2019.07.19"]
[EventType "swiss"]
[EventCountry "CZE"]
[SourceTitle "playchess.com"]
[Source "ChessBase"]
[SourceQuality "1"]

1. e4 c5 2. Nf3 e6 3. g3 b6 4. Bg2 Bb7 5. d3 d5 6. Nbd2 Nf6 7. O-O Be7 8. Re1 Nc6 9. c3 Qc7 10. a3 dxe4 11. dxe4 O-O 12. e5 Nd7 13. Qe2 a6 14. c4 Rfd8 15. b3 Ndxe5 16. Nxe5 Nxe5 17. Qxe5 Qxe5 18. Rxe5 Bxg2 19. Kxg2 Bf6 20. f4 Rd3 21. Rb1 Bxe5 22. fxe5 Rad8 23. Ne4 Rd1 24. Nc3 Re1 25. Bf4 Rxb1 26. Nxb1 Rd1 27. Nd2 f6 28. exf6 gxf6 29. Kf2 e5 30. Be3 Rc1 31. b4 cxb4 32. axb4 a5 33. c5 bxc5 34. bxa5 Ra1 35. Ne4 f5 36. Nd6 Rxa5 37. Nxf5 Ra2+ 38. Kf3 Rxh2 39. Bxc5 Kf7 40. Nd6+ Ke6 41. Ne4 Rc2 42. Bb6 Rb2 43. Be3 h5 44. Nc5+ Kf5 45. Ne4 Ke6 46. Nf2 Kf5 47. Bc5 Rb3+ 48. Kg2 Rc3 49. Bb4 Rb3 50. Bd2 Rb2 51. Bc1 Rc2 52. Bh6 Rc6 53. Bd2 Rc2 54. Ba5 Ra2 55. Bd8 Ra8 56. Bb6 Ra6 57. Be3 Ra3 58. Kf3 Rb3 59. Ne4 Ra3 60. Nd6+ Ke6 61. Ne8 Kf5 62. Nd6+ Ke6 63. Nc4 Rc3 64. Nd2 Kf5 65. Nf1 Ra3 66. Kg2 Ke4 67. Bf2 Ra2 68. Ne3 Re2 69. Nc4 Kd3 70. Nb6 e4 71. Nd5 Rb2 72. Nf4+ Kd2 73. Bd4 Rb4 74. Bc5 Rb5 75. Bd4 Rb4 76. Ba7 Rb7 77. Bc5 Rb5 78. Bd4 Rb4 79. Bg1 Rb3 80. Ne6 e3 81. Nd4 Rd3 82. Nf3+ Kd1 83. Bxe3 Rxe3 84. g4 hxg4 85. Nh2 Ke2 86. Nxg4 Rf3 87. Nh2 Rf4 88. Kg3 Ke3 89. Ng4+ Rxg4+ 90. Kxg4 1/2-1/2

[Event "Czech Open GM 2019"]
[Site "Pardubice"]
[Date "2019.07.27"]
[Round "9.25"]
[White "Arpita, Mukherjee"]
[Black "Siddharth, Jagadeesh"]
[Result "1/2-1/2"]
[WhiteElo "2248"]
[BlackElo "2410"]
[Annotator "NA"]
[PlyCount "83"]
[EventDate "2019.07.19"]
[EventType "swiss"]
[EventCountry "CZE"]
[SourceTitle "playchess.com"]
[Source "ChessBase"]
[SourceQuality "1"]

1. e4 c6 2. d4 d5 3. e5 Bf5 4. Nf3 e6 5. Be2 c5 6. Be3 cxd4 7. Nxd4 Ne7 8. O-O Nbc6 9. Bb5 Rc8 10. Nd2 Bg6 11. c3 a6 12. Bxc6+ Nxc6 13. f4 Nxd4 14. Bxd4 Be7 15. g4 Qd7 16. Qf3 h5 17. h3 hxg4 18. hxg4 Rh4 19. Rae1 Qb5 20. Rf2 Kd8 21. Rg2 Kc7 22. b3 Rch8 23. g5 Rh3 24. Rg3 Bf5 25. Rxh3 Rxh3 26. Qf2 Qd3 27. Re3 Rxe3 28. Qxe3 Qc2 29. Bc5 Qd1+ 30. Kf2 Bd8 31. Bb6+ Kd7 32. Bxd8 Kxd8 33. Nf3 Be4 34. Ne1 Qh5 35. Kg3 Qh1 36. Nf3 Kd7 37. Ng1 Kc6 38. Qf2 Bf5 39. a4 b6 40. a5 bxa5 41. Qa7 Qh5 42. Qe3 1/2-1/2

[Event "Czech Open GM 2019"]
[Site "Pardubice"]
[Date "2019.07.27"]
[Round "9.26"]
[White "Van Dael, Siem"]
[Black "Smirnova, Ekaterina"]
[Result "0-1"]
[WhiteElo "2319"]
[BlackElo "2184"]
[Annotator "NA RC"]
[PlyCount "92"]
[EventDate "2019.07.19"]
[EventType "swiss"]
[EventCountry "CZE"]
[SourceTitle "playchess.com"]
[Source "ChessBase"]
[SourceQuality "1"]

1. e4 e6 2. d4 d5 3. Nc3 Bb4 4. e5 c5 5. a3 Bxc3+ 6. bxc3 Qc7 7. Qg4 f6 8. Nf3 Nc6 9. Bb5 Qf7 10. O-O Nge7 11. a4 c4 12. Ba3 Bd7 13. Rfe1 f5 14. Qh4 h6 15. Rab1 O-O-O 16. Qf4 g5 17. Qc1 g4 18. Nd2 f4 19. Qb2 b6 20. Bxc4 f3 21. Ba6+ Kb8 22. c4 Ka8 23. Bd6 Nf5 24. Bc7 fxg2 25. c5 Rb8 26. cxb6 axb6 27. a5 b5 28. Bb6 Rhf8 29. Re2 Rxb6 30. axb6 Nfxd4 31. Rbe1 Nxe2+ 32. Rxe2 g3 33. f3 gxh2+ 34. Kxh2 Rg8 35. Kg1 Qh5 36. Rxg2 Rxg2+ 37. Kxg2 Qg5+ 38. Kh3 Qxd2 39. Bxb5 Qa5 40. c4 dxc4 41. Bxc4 Kb7 42. f4 Qxb6 43. Qxb6+ Kxb6 44. Kg4 Nd4 45. Kh5 Nf5 46. Kg6 Kc5 0-1

[Event "Czech Open GM 2019"]
[Site "Pardubice"]
[Date "2019.07.27"]
[Round "9.26"]
[White "Berdnyk, Mariia"]
[Black "Potapov, Alexander"]
[Result "1/2-1/2"]
[WhiteElo "2247"]
[BlackElo "2409"]
[Annotator "NA"]
[PlyCount "112"]
[EventDate "2019.07.19"]
[EventType "swiss"]
[EventCountry "CZE"]
[SourceTitle "playchess.com"]
[Source "ChessBase"]
[SourceQuality "1"]

1. d4 Nf6 2. c4 e6 3. Nc3 d5 4. Nf3 Bb4 5. e3 O-O 6. a3 Bxc3+ 7. bxc3 c5 8. cxd5 exd5 9. Bd3 Nc6 10. O-O c4 11. Bb1 Bg4 12. Qc2 Re8 13. Re1 b5 14. Nd2 Bh5 15. f3 a5 16. Qd1 b4 17. axb4 axb4 18. Rxa8 Qxa8 19. cxb4 Nxb4 20. Bb2 Bg6 21. e4 dxe4 22. Nxc4 exf3 23. Rxe8+ Qxe8 24. Bxg6 hxg6 25. Qxf3 Qe1+ 26. Qf1 Qe4 27. Ne5 Nc2 28. Qf2 Ne3 29. Bc3 Nxg2 30. Qxg2 Qe3+ 31. Kf1 Qxc3 32. Qa2 Qh3+ 33. Qg2 Qb3 34. Qa8+ Kh7 35. Qf3 Qb1+ 36. Kg2 Qa2+ 37. Qf2 Qd5+ 38. Qf3 Qxd4 39. Nxf7 Kg8 40. Qb3 Qg4+ 41. Kf1 Qf4+ 42. Kg1 Qd4+ 43. Kf1 Qf4+ 44. Kg1 Qc1+ 45. Kg2 Qd2+ 46. Kf1 Qxh2 47. Ng5+ Kh8 48. Nf7+ Kh7 49. Ng5+ Kh6 50. Nf7+ Kh5 51. Qb5+ Kh4 52. Qg5+ Kh3 53. Qxg6 Qf4+ 54. Ke2 Ng4 55. Ng5+ Kg3 56. Qd3+ Qe3+ 1/2-1/2

[Event "Czech Open GM 2019"]
[Site "Pardubice"]
[Date "2019.07.27"]
[Round "9.27"]
[White "De Rover, Yong Hoon"]
[Black "Rakshitta Ravi"]
[Result "0-1"]
[WhiteElo "2391"]
[BlackElo "2112"]
[Annotator "NA"]
[PlyCount "76"]
[EventDate "2019.07.19"]
[EventType "swiss"]
[EventCountry "CZE"]
[SourceTitle "playchess.com"]
[Source "ChessBase"]
[SourceQuality "1"]

1. e4 e5 2. Nf3 Nc6 3. Bb5 f5 4. Nc3 fxe4 5. Nxe4 Nf6 6. Nxf6+ Qxf6 7. Qe2 Be7 8. Bxc6 bxc6 9. Qxe5 Qg6 10. O-O d6 11. Qg3 Qf7 12. d4 h6 13. Re1 Bf5 14. d5 cxd5 15. Nd4 Bd7 16. Bd2 O-O 17. Bxh6 Bf6 18. Nf3 Bxb2 19. Rad1 Qh5 20. Re7 Qg4 21. Be3 Qxg3 22. hxg3 Rfd8 23. Bd4 Bxd4 24. Rxd4 Kf8 25. Re3 Re8 26. Rxe8+ Kxe8 27. Rxd5 Rb8 28. Ra5 Rb1+ 29. Kh2 Rc1 30. Rxa7 Rxc2 31. Nd4 Rc4 32. Nb3 c5 33. f4 Rc2 34. a4 Rb2 35. Na5 Rb4 36. Nb7 Ke7 37. a5 c4 38. a6 Ra4 0-1

[Event "Czech Open GM 2019"]
[Site "Pardubice"]
[Date "2019.07.27"]
[Round "9.27"]
[White "Svanda, Ondrej"]
[Black "Zetocha, Claudiu"]
[Result "1/2-1/2"]
[WhiteElo "2234"]
[BlackElo "2316"]
[Annotator "NA"]
[PlyCount "41"]
[EventDate "2019.07.19"]
[EventType "swiss"]
[EventCountry "CZE"]
[SourceTitle "playchess.com"]
[Source "ChessBase"]
[SourceQuality "1"]

1. e4 c5 2. Nf3 e6 3. d4 cxd4 4. Nxd4 Nc6 5. Nc3 Qc7 6. Be3 a6 7. Be2 Nf6 8. a3 Be7 9. O-O O-O 10. f4 d6 11. Kh1 Re8 12. Bf3 Rb8 13. Qe1 Na5 14. Rd1 Nd7 15. Bg4 Bf6 16. Qg3 Nc4 17. Bc1 Qb6 18. Nb3 Qc7 19. Nd4 Qb6 20. Nb3 Qc7 21. Nd4 1/2-1/2

[Event "Czech Open GM 2019"]
[Site "Pardubice"]
[Date "2019.07.27"]
[Round "9.28"]
[White "Bronstein, Or"]
[Black "Gagare, Shalmali"]
[Result "1/2-1/2"]
[WhiteElo "2378"]
[BlackElo "2058"]
[Annotator "NA"]
[PlyCount "75"]
[EventDate "2019.07.19"]
[EventType "swiss"]
[EventCountry "CZE"]
[SourceTitle "playchess.com"]
[Source "ChessBase"]
[SourceQuality "1"]

1. d4 Nf6 2. c4 e6 3. g3 d5 4. Bg2 Bb4+ 5. Bd2 Be7 6. Nf3 O-O 7. O-O c6 8. Qc2 Nbd7 9. Bf4 b6 10. Rd1 Ba6 11. b3 Rc8 12. Nc3 h6 13. e4 dxc4 14. Nd2 b5 15. bxc4 bxc4 16. h3 Qa5 17. Rab1 Bb4 18. Ne2 Nb6 19. Kh1 Bb5 20. Rg1 c5 21. d5 exd5 22. exd5 Nfxd5 23. Ne4 c3 24. Nd6 Ba4 25. Qf5 Nxf4 26. gxf4 c4 27. Rxb4 Rc5 28. Qg4 Qxb4 29. Bd5 g5 30. fxg5 h5 31. Bxf7+ Rxf7 32. Qe6 Bc6+ 33. Kh2 Bd5 34. Qe8+ Kg7 35. Qe5+ Kg8 36. Qe8+ Kg7 37. Qe5+ Kg8 38. Qe8+ 1/2-1/2

[Event "Czech Open GM 2019"]
[Site "Pardubice"]
[Date "2019.07.27"]
[Round "9.28"]
[White "Mullick, Raahil"]
[Black "Nun, Jiri"]
[Result "1/2-1/2"]
[WhiteElo "2211"]
[BlackElo "2310"]
[Annotator "NA"]
[PlyCount "51"]
[EventDate "2019.07.19"]
[EventType "swiss"]
[EventCountry "CZE"]
[SourceTitle "playchess.com"]
[Source "ChessBase"]
[SourceQuality "1"]

1. e4 c6 2. d4 d5 3. e5 c5 4. dxc5 Nc6 5. Nf3 e6 6. a3 Bxc5 7. b4 Bb6 8. Bd3 Nge7 9. O-O Ng6 10. Re1 Bd7 11. Bb2 Nf4 12. Bf1 g5 13. g3 Ng6 14. b5 Na5 15. Nbd2 g4 16. Nd4 Qe7 17. c4 dxc4 18. Ne4 O-O-O 19. Bc3 Be8 20. Nd6+ Kb8 21. Bb4 Qg5 22. h4 gxh3 23. Bd2 Qe7 24. Bb4 Qg5 25. Bd2 Qe7 26. Bb4 1/2-1/2